| 000 | 00465nam a22001337a 4500 | ||
|---|---|---|---|
| 008 | 230221b |||||||| |||| 00| 0 eng d | ||
| 040 |
_aNational Science Library _cNational Science Library |
||
| 080 |
_a628.54 _bL9 |
||
| 245 |
_aEnvironmental pollution control in chemical industry _c/ Indian Chemical Manufacturers Association |
||
| 260 |
_aBombay: _bIndian Chemical Manufacturers Association, _c1979 |
||
| 300 | _a74p. | ||
| 650 | _aScience | ||
| 942 |
_2udc _cPR |
||
| 999 |
_c47335 _d47335 |
||